[Event "SR 1. liga zapad 2011/2012"]
[Site "?"]
[Date "2011.10.15"]
[Round "1.3"]
[White "Borosova, Zuzana"]
[Black "Sarmir, Milos"]
[Result "1/2-1/2"]
[WhiteElo "2284"]
[BlackElo "2048"]
[PlyCount "86"]
[EventDate "2011.??.??"]

1. e4 e5 2. Nf3 Nc6 3. Bc4 Be7 4. O-O d6 5. c3 Nf6 6. d3 O-O 7. Bb3 Na5 8. Bc2
c5 9. Nbd2 b5 10. Re1 Qc7 11. Nf1 Nc6 12. h3 a5 13. a4 b4 14. Ne3 Bd7 15. Bb3
Nd8 16. Bc4 g6 17. Nh2 Be6 18. Nhg4 Nxg4 19. hxg4 Bxc4 20. Nxc4 Ne6 21. Qf3 Bg5
22. Bxg5 Nxg5 23. Qe3 Ne6 24. Qh6 Rfd8 25. Re3 f6 26. Rf3 Qg7 27. Qd2 Ra6 28.
Ne3 Nf4 29. d4 Raa8 30. d5 Qe7 31. Nc4 Kg7 32. g3 Nh3+ 33. Kg2 Ng5 34. Re3 Nf7
35. Rh1 Rdb8 36. Ree1 Qd7 37. Qd1 Ra7 38. Rh4 b3 39. Reh1 h6 40. Qe2 Qxa4 41.
Nd2 Qd7 42. Ra1 a4 43. Ra3 Rf8 1/2-1/2

[Event "SR 1. liga zapad 2011/2012"]
[Site "?"]
[Date "2011.10.15"]
[Round "1.3"]
[White "Bottyan, Peter"]
[Black "Machalova, Erika"]
[Result "1-0"]
[WhiteElo "2294"]
[BlackElo "2102"]
[PlyCount "95"]
[EventDate "2011.??.??"]

1. d4 Nf6 2. Bg5 e6 3. Nd2 d6 4. e3 Nbd7 5. Ngf3 b6 6. Bd3 Bb7 7. Qe2 Be7 8. e4
e5 9. c3 Ng4 10. Bxe7 Qxe7 11. h3 Ngf6 12. d5 O-O 13. O-O Ne8 14. c4 g6 15. Qe3
Ng7 16. Qh6 f6 17. g4 Bc8 18. Rac1 Nc5 19. Bb1 Nb7 20. Rc3 Nd8 21. Qh4 Nf7 22.
Ne1 Bd7 23. Nd3 Rae8 24. b4 f5 25. Qxe7 Rxe7 26. f3 Ng5 27. Kg2 fxe4 28. Nxe4
Nxe4 29. fxe4 Rxf1 30. Kxf1 h5 31. Nf2 Rf7 32. Kg2 hxg4 33. hxg4 Rf8 34. c5 Rc8
35. Bd3 a5 36. c6 Be8 37. bxa5 bxa5 38. Rb3 Bf7 39. Rb7 Ne8 40. a4 Ra8 41. Kf3
Kf8 42. g5 Ke7 43. Nd1 Kd8 44. Nc3 Kc8 45. Nb5 Bg8 46. Bf1 Kd8 47. Bh3 Bf7 48.
Bd7 1-0

[Event "SR 1. liga zapad 2011/2012"]
[Site "?"]
[Date "2011.10.15"]
[Round "1.3"]
[White "Federic, Jozef"]
[Black "Kukel, Imre 1985"]
[Result "1/2-1/2"]
[WhiteElo "2270"]
[BlackElo "2305"]
[PlyCount "79"]
[EventDate "2011.??.??"]

1. d4 Nf6 2. c4 g6 3. Nc3 d5 4. Nf3 Bg7 5. Bf4 c5 6. dxc5 Qa5 7. cxd5 Ne4 8.
Be5 Bxe5 9. Nxe5 Nxc5 10. Nc4 Qb4 11. e3 O-O 12. a3 Qb3 13. Qxb3 Nxb3 14. Rd1
Bf5 15. e4 Bd7 16. Bd3 Na6 17. Ne5 Nac5 18. Bc4 Rad8 19. O-O Be8 20. f4 Kg7 21.
Nf3 f6 22. Bxb3 Nxb3 23. Nd4 Nxd4 24. Rxd4 Bd7 25. Rfd1 Rc8 26. R1d2 Rc5 27.
Rf2 Rfc8 28. Kf1 Re8 29. Ke1 e5 30. fxe5 Rxe5 31. Kd2 f5 32. exf5 Bxf5 33. d6
Rc8 34. g4 Be6 35. Re2 Rxe2+ 36. Kxe2 Kf6 37. Ke3 Ke5 38. Nb5 Bd7 39. Nc3 Bc6
40. Ne4 1/2-1/2

[Event "SR 1. liga zapad 2011/2012"]
[Site "?"]
[Date "2011.10.15"]
[Round "1.3"]
[White "Helbich, Branislav"]
[Black "Baranek, Jozef"]
[Result "0-1"]
[WhiteElo "2036"]
[BlackElo "2152"]
[PlyCount "106"]
[EventDate "2011.??.??"]

1. e4 c5 2. Nf3 a6 3. d4 cxd4 4. Nxd4 Nf6 5. Bd3 e5 6. Nf3 Nc6 7. c4 Bb4+ 8.
Bd2 O-O 9. Nc3 d6 10. h3 h6 11. O-O Be6 12. Re1 Rc8 13. Rc1 Ne7 14. b3 Ng6 15.
Kh2 Nd7 16. Bf1 Ba3 17. Rc2 f5 18. Bc1 Bb4 19. a3 Bxc3 20. Rxc3 fxe4 21. Rxe4
d5 22. Re1 d4 23. Rc2 Bf5 24. Rb2 Qc7 25. g3 Rf6 26. b4 Rcf8 27. Ng1 Be6 28. f3
Bxc4 29. Qc2 b5 30. Bd3 Qc6 31. Be4 Qd6 32. Qd1 Ne7 33. Rf2 Nd5 34. Bd2 N7b6
35. Qc2 R6f7 36. Bh7+ Kh8 37. Bg6 Rc7 38. Be4 Rcf7 39. Bg6 Re7 40. Be4 Nf6 41.
Bf5 Bd5 42. Bd3 Nc4 43. Bc1 Rc7 44. Qd1 Bb7 45. Bb1 Bd5 46. Qd3 Bg8 47. Qe2 Bh7
48. Bxh7 Nxh7 49. f4 Rcf7 50. Qd3 Qd5 51. Rfe2 exf4 52. gxf4 Rd7 53. Re8 Qf7
0-1

[Event "SR 1. liga zapad 2011/2012"]
[Site "?"]
[Date "2011.10.15"]
[Round "1.4"]
[White "Berek, Geza"]
[Black "Hartl, Jan"]
[Result "1/2-1/2"]
[WhiteElo "2186"]
[BlackElo "2189"]
[PlyCount "38"]
[EventDate "2011.??.??"]

1. e4 e5 2. Nf3 Nc6 3. d4 exd4 4. Nxd4 Bc5 5. Nxc6 Qf6 6. Qd2 Qxc6 7. Bd3 Nf6
8. O-O O-O 9. b4 Bb6 10. c4 a5 11. b5 Qe6 12. Nc3 d6 13. Bb2 c6 14. Na4 Bd8 15.
Nc3 Ng4 16. Ne2 Ne5 17. Nd4 Qg6 18. f4 Qh6 19. Rad1 Bb6 1/2-1/2

[Event "SR 1. liga zapad 2011/2012"]
[Site "?"]
[Date "2011.10.15"]
[Round "1.4"]
[White "Gabris, Ondrej"]
[Black "Cibulka, Vladimir"]
[Result "1/2-1/2"]
[WhiteElo "2146"]
[BlackElo "2278"]
[PlyCount "20"]
[EventDate "2011.??.??"]

1. e4 Nf6 2. e5 Nd5 3. d4 d6 4. Nf3 dxe5 5. Nxe5 c6 6. Bd3 Nd7 7. O-O Nxe5 8.
dxe5 Nb4 9. Be4 Qxd1 10. Rxd1 f5 1/2-1/2

[Event "SR 1. liga zapad 2011/2012"]
[Site "?"]
[Date "2011.10.15"]
[Round "1.4"]
[White "Gazi, Mikulas"]
[Black "Beres, Dominik"]
[Result "0-1"]
[WhiteElo "2116"]
[BlackElo "2107"]
[PlyCount "102"]
[EventDate "2011.??.??"]

1. e4 c5 2. Nf3 Nc6 3. d4 cxd4 4. Nxd4 d6 5. Nc3 g6 6. f4 Bg7 7. Nf3 Nf6 8. Bd3
O-O 9. O-O a6 10. Qe1 b5 11. Qh4 Nb4 12. f5 Nxd3 13. cxd3 gxf5 14. Bh6 Ng4 15.
Bxg7 Kxg7 16. exf5 Nf6 17. Ng5 Bb7 18. Nce4 Bxe4 19. Nxe4 Nxe4 20. dxe4 f6 21.
Rf3 Kh8 22. Rh3 Rf7 23. Qh5 Rg7 24. Rc1 Qb6+ 25. Kf1 Rag8 26. Rc2 Qd4 27. Qf3
Qe5 28. g3 Rg4 29. Re2 Qc5 30. Kg2 a5 31. Qd3 b4 32. Kf3 Qc1 33. Kg2 Rc8 34.
Qf3 Rg7 35. g4 a4 36. Rg3 Rc2 37. Qf2 Rc5 38. h3 Qb1 39. b3 a3 40. Qd4 Rc1 41.
Qf2 Rg8 42. g5 Rc3 43. g6 Qd1 44. Rg4 Rc1 45. Rh4 Qh1+ 46. Kg3 Rg1+ 47. Kf4 Rg7
48. Ke3 Rc1 49. Kd4 Rc5 50. Rc2 Qa1+ 51. Ke3 Rxc2 0-1

[Event "SR 1. liga zapad 2011/2012"]
[Site "?"]
[Date "2011.10.15"]
[Round "1.4"]
[White "Janos, Ivan"]
[Black "Fabian, Jaroslav"]
[Result "1-0"]
[WhiteElo "2142"]
[BlackElo "2192"]
[PlyCount "87"]
[EventDate "2011.??.??"]

1. e4 c5 2. Nf3 d6 3. d4 cxd4 4. Nxd4 Nf6 5. Nc3 Nc6 6. Bg5 e6 7. Qd2 a6 8.
O-O-O Bd7 9. f4 b5 10. a3 Be7 11. Nb3 Qc7 12. Be2 Rb8 13. Bxf6 gxf6 14. f5 h5
15. fxe6 fxe6 16. g4 h4 17. Bd3 Ne5 18. Ne2 Bf8 19. Kb1 Bh6 20. Qe1 Bg5 21. h3
Ke7 22. Rf1 Rhc8 23. Ned4 Qb6 24. Nf3 Nc4 25. Nxg5 fxg5 26. e5 Nxe5 27. Qe4 Rh8
28. Nd4 b4 29. a4 Bxa4 30. Bc4 Bd7 31. Nxe6 Bxe6 32. Bxe6 Rbf8 33. Bf5 Rf6 34.
Rd5 Kf7 35. Rfd1 Re8 36. Qe2 a5 37. Qd2 Nc4 38. Qxg5 Ne3 39. Re1 Nxd5 40. Qh5+
Kg7 41. Qh7+ Kf8 42. Qh8+ Kf7 43. Qxe8+ Kg7 44. Be6 1-0

[Event "SR 1. liga zapad 2011/2012"]
[Site "?"]
[Date "2011.10.15"]
[Round "1.4"]
[White "Kalisky, Vladimir"]
[Black "Tibensky, Robert"]
[Result "0-1"]
[WhiteElo "2234"]
[BlackElo "2410"]
[PlyCount "44"]
[EventDate "2011.??.??"]

1. e4 e6 2. d4 d5 3. Nd2 a6 4. Ngf3 c5 5. exd5 exd5 6. dxc5 Bxc5 7. Nb3 Bb6 8.
Qe2+ Ne7 9. Be3 Nbc6 10. Nfd4 O-O 11. O-O-O Nf5 12. Nxc6 bxc6 13. Bxb6 Qxb6 14.
h4 a5 15. Qd3 Qxf2 16. Rh3 a4 17. Nd2 Nxh4 18. Rh1 a3 19. bxa3 Bf5 20. Qc3 Bg4
21. Bd3 Bxd1 22. Kxd1 Ng6 0-1

[Event "SR 1. liga zapad 2011/2012"]
[Site "?"]
[Date "2011.10.15"]
[Round "1.4"]
[White "Siroky, Jan"]
[Black "Kimerling, Martin"]
[Result "0-1"]
[WhiteElo "2166"]
[BlackElo "2015"]
[PlyCount "60"]
[EventDate "2011.??.??"]

1. e4 c5 2. Nf3 Nc6 3. d4 cxd4 4. Nxd4 Nf6 5. Nc3 e5 6. Ndb5 d6 7. Bg5 a6 8.
Na3 b5 9. Nd5 Be7 10. Nxe7 Qxe7 11. c4 Nd4 12. cxb5 Qb7 13. f3 Nxe4 14. fxe4
Qxe4+ 15. Kd2 O-O 16. Be3 Bg4 17. Qb1 Qd5 18. Ke1 Rac8 19. Qd3 axb5 20. Bxd4
exd4 21. Nxb5 Rfe8+ 22. Kf2 Re4 23. Kg1 Qe5 24. h3 Be6 25. b3 Bf5 26. Rd1 Rf4
27. Qd2 Rc2 28. Qb4 Qe3+ 29. Kh2 Qxh3+ 30. Kg1 Qe3+ 0-1

[Event "SR 1. liga zapad 2011/2012"]
[Site "?"]
[Date "2011.10.15"]
[Round "1.4"]
[White "Zacik, Anton"]
[Black "Novotny, Michal"]
[Result "1-0"]
[WhiteElo "2000"]
[BlackElo "1964"]
[PlyCount "129"]
[EventDate "2011.??.??"]

1. e4 e5 2. Nf3 Nc6 3. d4 exd4 4. c3 d5 5. exd5 Qxd5 6. cxd4 Bf5 7. Nc3 Bb4 8.
Be2 O-O-O 9. O-O Qa5 10. Bf4 Nf6 11. Bc4 Bg4 12. Nb5 Nxd4 13. Nbxd4 Bc5 14. Qb3
Bxd4 15. Nxd4 Rxd4 16. Be3 Rd6 17. Bxf7 Nd5 18. Bxd5 Rxd5 19. Rac1 Rhd8 20. Qc4
Be6 21. b4 Re5 22. Qxe6+ Rxe6 23. bxa5 Rd5 24. Rc5 Rd3 25. g3 Ra3 26. Rfc1 c6
27. R1c2 g6 28. Rd2 Re4 29. Rg5 Rea4 30. Bxa7 Rxa2 31. Rxa2 Rxa2 32. Bb6 Kd7
33. Rc5 Kd6 34. Rc3 Rd2 35. Kg2 Rd5 36. h3 c5 37. f4 Kc6 38. Kf3 Kb5 39. Ke3 c4
40. Rc2 Rd3+ 41. Kf2 c3 42. Bc7 h5 43. Be5 Kxa5 44. Bxc3+ Ka4 45. Be1 Rd6 46.
Rb2 b6 47. g4 Rf6 48. Kf3 Re6 49. Re2 Rf6 50. gxh5 gxh5 51. Re5 b5 52. Rxh5 b4
53. h4 Ra6 54. Bxb4 Kxb4 55. Rg5 Kc4 56. h5 Kd4 57. Rg6 Ra1 58. Re6 Rf1+ 59.
Kg4 Kd5 60. Re5+ Kd6 61. h6 Rh1 62. Rh5 Rg1+ 63. Kf5 Rg8 64. h7 Rh8 65. Kg6 1-0

[Event "SR 1. liga zapad 2011/2012"]
[Site "?"]
[Date "2011.10.15"]
[Round "1.5"]
[White "Breja, Stanislav"]
[Black "Kvassay, Peter"]
[Result "1/2-1/2"]
[WhiteElo "2066"]
[BlackElo "2080"]
[PlyCount "142"]
[EventDate "2011.??.??"]

1. e4 e6 2. d4 c5 3. c3 b6 4. Bd3 Be7 5. Ne2 d6 6. O-O Nf6 7. e5 Nd5 8. Be4 Ba6
9. b3 cxd4 10. c4 dxe5 11. cxd5 exd5 12. Bd3 O-O 13. Ba3 Bxd3 14. Qxd3 Nd7 15.
Bxe7 Qxe7 16. Nd2 Nc5 17. Qb5 Qb7 18. Nf3 Rfe8 19. Rad1 Rad8 20. Nc1 Ne4 21.
Ne2 Nc3 22. Nxc3 dxc3 23. Rfe1 f6 24. Rc1 a6 25. Qb4 d4 26. Nxd4 Rxd4 27. Qxc3
Red8 28. h3 h6 29. Re2 Qd7 30. Rec2 Qf5 31. Kh2 b5 32. Qg3 Rd3 33. f3 Kh7 34.
Rc7 R8d7 35. Rc8 Qe6 36. R1c6 R3d6 37. Rxd6 Rxd6 38. Rc7 Rd7 39. Rxd7 Qxd7 40.
Qe1 Qd4 41. Qb1+ g6 42. Qc2 Qd6 43. Qe4 h5 44. h4 Qd4 45. Qb7+ Kh6 46. Qxa6
Qxh4+ 47. Kg1 Qe1+ 48. Kh2 Qh4+ 49. Kg1 Qd4+ 50. Kh1 e4 51. fxe4 Qxe4 52. Qxf6
Qb1+ 53. Kh2 Qxa2 54. Qh8+ Kg5 55. Qe5+ Kh6 56. Qxb5 Qf2 57. Qe5 g5 58. Qe6+
Kg7 59. Qe5+ Kh6 60. Qd6+ Kh7 61. Qg3 Qc5 62. Qf3 Qe5+ 63. Kh1 Qe1+ 64. Kh2
Qe5+ 65. Qg3 Qc5 66. b4 Qxb4 67. Qxg5 Qd6+ 68. Kh3 Qg6 69. Kh4 Kg7 70. g3 Qxg5+
71. Kxg5 h4 1/2-1/2

[Event "SR 1. liga zapad 2011/2012"]
[Site "?"]
[Date "2011.10.15"]
[Round "1.5"]
[White "Castiglione, Mario"]
[Black "Pecha, Tomas"]
[Result "1-0"]
[WhiteElo "2282"]
[BlackElo "2239"]
[PlyCount "79"]
[EventDate "2011.??.??"]

1. c4 e5 2. Nc3 Nf6 3. g3 d5 4. cxd5 Nxd5 5. Bg2 Nb6 6. d3 Be7 7. Nf3 Nc6 8.
O-O O-O 9. Bd2 Re8 10. Rc1 Bg4 11. h3 Be6 12. Ne4 Bd5 13. a3 a5 14. Nc5 Nd4 15.
Nxd4 Bxg2 16. Nde6 fxe6 17. Kxg2 a4 18. Kg1 Qd5 19. e4 Qc6 20. Na6 Nc4 21. Nb4
Bxb4 22. Bxb4 Nxb2 23. Qd2 Qb5 24. Qxb2 c6 25. Rfd1 b6 26. Bc3 Qxb2 27. Bxb2
Rac8 28. Bxe5 Red8 29. d4 c5 30. dxc5 Rxd1+ 31. Rxd1 Rxc5 32. Bd6 Rc4 33. e5
Rc3 34. Rb1 Rb3 35. Rc1 h5 36. Rc7 h4 37. Kg2 hxg3 38. fxg3 b5 39. Rb7 g5 40.
Bb4 1-0

[Event "SR 1. liga zapad 2011/2012"]
[Site "?"]
[Date "2011.10.15"]
[Round "1.5"]
[White "Gombar, Peter"]
[Black "Dolnak, Michal"]
[Result "1/2-1/2"]
[WhiteElo "2033"]
[BlackElo "2098"]
[PlyCount "70"]
[EventDate "2011.??.??"]

1. e4 e5 2. Nf3 Nc6 3. Bb5 a6 4. Ba4 Nf6 5. O-O Be7 6. Re1 b5 7. Bb3 d6 8. c3
O-O 9. h3 Na5 10. Bc2 c5 11. d4 Qc7 12. Nbd2 Re8 13. d5 c4 14. Nf1 Nb7 15. a4
Bd7 16. axb5 axb5 17. Be3 g6 18. Ng3 Bf8 19. Qe2 Nc5 20. Nd2 Bg7 21. Qf1 Ncxe4
22. Ngxe4 Nxd5 23. Rxa8 Rxa8 24. Ra1 Rb8 25. Ra7 Qc6 26. Qa1 Bc8 27. Qa3 Bf8
28. Bg5 Bb7 29. Nf3 f5 30. Nf6+ Nxf6 31. Bxf6 Re8 32. Qa1 Re6 33. Bh4 d5 34.
Qd1 Bc5 35. Ra1 d4 1/2-1/2

[Event "SR 1. liga zapad 2011/2012"]
[Site "?"]
[Date "2011.10.15"]
[Round "1.5"]
[White "Jakubek, Peter"]
[Black "Peitl, Tomas"]
[Result "1/2-1/2"]
[WhiteElo "2144"]
[BlackElo "2214"]
[PlyCount "50"]
[EventDate "2011.??.??"]

1. d4 Nf6 2. Bg5 Ne4 3. Bf4 d5 4. Nd2 e6 5. e3 Nd7 6. Bd3 Ndf6 7. Ngf3 Be7 8.
O-O O-O 9. c3 b6 10. a4 Bb7 11. a5 c5 12. a6 Bc6 13. Ne5 Be8 14. h3 Nxd2 15.
Qxd2 Bd6 16. b4 cxb4 17. cxb4 Ne4 18. Qb2 f6 19. Nf3 Bxf4 20. exf4 Qd6 21. g3
Rd8 22. Rac1 Bh5 23. Nd2 Nxd2 24. Qxd2 Rc8 25. Bb5 Bg6 1/2-1/2

[Event "SR 1. liga zapad 2011/2012"]
[Site "?"]
[Date "2011.10.15"]
[Round "1.5"]
[White "Kovac, Andrej"]
[Black "Chovanec, Milan"]
[Result "1/2-1/2"]
[WhiteElo "2154"]
[BlackElo "2137"]
[PlyCount "82"]
[EventDate "2011.??.??"]

1. d4 g6 2. c4 Bg7 3. g3 c5 4. d5 d6 5. Bg2 Nf6 6. Nc3 O-O 7. Nf3 a6 8. O-O b5
9. Nd2 Nbd7 10. Rb1 Qa5 11. Qc2 b4 12. Nb3 Qc7 13. Nd1 a5 14. h3 a4 15. Nd2 Bb7
16. e4 e6 17. Ne3 Nb6 18. Kh2 Rfe8 19. Nf3 exd5 20. exd5 Re7 21. Bd2 Rae8 22.
Rbe1 Bc8 23. Bc1 Bd7 24. Qd3 Qc8 25. Qc2 Qa6 26. b3 a3 27. Nd1 Bf5 28. Qd2 Qc8
29. Rxe7 Rxe7 30. Re1 Qe8 31. Rxe7 Qxe7 32. Ne1 Ne4 33. Qe2 Kf8 34. g4 Nc3 35.
Qxe7+ Kxe7 36. Nxc3 Bxc3 37. gxf5 Bxe1 38. fxg6 hxg6 39. f4 Bc3 40. Bf1 Nd7 41.
Bd3 f5 1/2-1/2

[Event "SR 1. liga zapad 2011/2012"]
[Site "?"]
[Date "2011.10.15"]
[Round "1.5"]
[White "Motuz, Karol"]
[Black "Havlicek, Libor"]
[Result "1-0"]
[WhiteElo "2346"]
[BlackElo "2304"]
[PlyCount "81"]
[EventDate "2011.??.??"]

1. e4 c5 2. c3 d5 3. exd5 Qxd5 4. d4 e6 5. Nf3 Nf6 6. Na3 Qd8 7. Bf4 cxd4 8.
Nxd4 Bc5 9. Nc4 O-O 10. Nb3 Be7 11. Be2 Nd5 12. Bg3 b5 13. Nca5 Qb6 14. Qd3 Ba6
15. Qd4 Bf6 16. Be5 Bxe5 17. Qxe5 Nd7 18. Qd4 Rfc8 19. O-O Rab8 20. Rfd1 Nc5
21. Nxc5 Rxc5 22. a3 e5 23. Qh4 Nxc3 24. bxc3 Qxa5 25. Rd7 Rf8 26. Qb4 Qb6 27.
a4 Bc8 28. a5 Qc6 29. Rxa7 Be6 30. Ra6 Qc7 31. Bxb5 Rxc3 32. Bf1 Rb3 33. Qd6
Qc3 34. Rd1 h6 35. Ra7 Rc8 36. a6 Bg4 37. f3 Qe3+ 38. Kh1 Bxf3 39. Qd7 Qxa7 40.
Qxc8+ Kh7 41. Qc2+ 1-0

[Event "SR 1. liga zapad 2011/2012"]
[Site "?"]
[Date "2011.10.15"]
[Round "1.5"]
[White "Obona, Jan"]
[Black "Hacik, Radomir"]
[Result "1-0"]
[WhiteElo "2151"]
[BlackElo "2158"]
[PlyCount "61"]
[EventDate "2011.??.??"]

1. Nf3 Nf6 2. c4 e6 3. Nc3 d5 4. b3 c5 5. e3 Nc6 6. d4 cxd4 7. exd4 Ne4 8. Bd2
Nxd2 9. Qxd2 Bb4 10. Bd3 e5 11. O-O O-O 12. a3 e4 13. axb4 exf3 14. Nxd5 fxg2
15. Rfe1 f5 16. Qe3 Qh4 17. f4 Bd7 18. Ne7+ Kh8 19. Nxc6 bxc6 20. Qf2 Qf6 21.
Re5 Qd6 22. c5 Qh6 23. b5 g5 24. bxc6 Bxc6 25. d5 Rad8 26. Bc4 Ba8 27. Qd4 Rf6
28. Re6 Rdf8 29. Raa6 Kg7 30. Rxa7+ Kg6 31. Rxf6+ 1-0

[Event "SR 1. liga zapad 2011/2012"]
[Site "?"]
[Date "2011.10.15"]
[Round "1.5"]
[White "Sosovicka, Juraj"]
[Black "Skrabakova, Katarina"]
[Result "1-0"]
[WhiteElo "2198"]
[BlackElo "2047"]
[PlyCount "93"]
[EventDate "2011.??.??"]

1. e4 e6 2. d4 d5 3. Nd2 Be7 4. Bd3 c5 5. dxc5 Nf6 6. Qe2 Bxc5 7. Ngf3 Nc6 8.
exd5 Nxd5 9. Ne4 Be7 10. a3 Qc7 11. g3 b6 12. O-O O-O 13. c4 Nf6 14. Nc3 a6 15.
Bf4 Bd6 16. Bxd6 Qxd6 17. Rfd1 Qe7 18. Rac1 Rb8 19. b4 Bb7 20. Ne4 Rfd8 21. c5
Nxe4 22. Qxe4 g6 23. Qe3 b5 24. Bf1 Rd7 25. Rxd7 Qxd7 26. Bg2 Rd8 27. Ne5 Nxe5
28. Qxe5 Bxg2 29. Kxg2 Rc8 30. Qe2 Qd5+ 31. Qf3 Qd7 32. Rd1 Qc7 33. Qd3 Qc6+
34. f3 a5 35. Qd7 axb4 36. Qxc6 Rxc6 37. axb4 Ra6 38. Rd8+ Kg7 39. Rb8 Ra2+ 40.
Kh3 Rc2 41. Rxb5 Kf6 42. Rb6 Ke5 43. f4+ Kd5 44. Rb7 Rc4 45. Rxf7 Rxb4 46. Rxh7
Kxc5 47. Rg7 1-0

[Event "SR 1. liga zapad 2011/2012"]
[Site "?"]
[Date "2011.10.15"]
[Round "1.6"]
[White "Bezuch, Martin"]
[Black "Podoba, Milan"]
[Result "1/2-1/2"]
[WhiteElo "2210"]
[BlackElo "2157"]
[PlyCount "80"]
[EventDate "2011.??.??"]

1. d3 d5 2. Nd2 Nf6 3. g3 Bf5 4. Bg2 e6 5. Ngf3 h6 6. O-O Be7 7. Ne5 Nbd7 8.
Ndf3 Nxe5 9. Nxe5 Bd6 10. d4 O-O 11. c4 c6 12. Qb3 Qb6 13. Qc3 Bxe5 14. dxe5
Ne4 15. Bxe4 Bxe4 16. c5 Qb5 17. f3 Bg6 18. Kf2 Rfd8 19. Be3 Qa4 20. Rfd1 a5
21. Rd4 Qb5 22. a4 Qa6 23. h4 h5 24. g4 Qa7 25. Rg1 Qb8 26. gxh5 Bxh5 27. Rf4
Rd7 28. Qd4 Qd8 29. Rg5 g6 30. Rf6 Rc8 31. Bd2 b6 32. Rxh5 gxh5 33. Bg5 Qf8 34.
Bh6 Qxc5 35. Qxc5 bxc5 36. Bg5 Kg7 37. Bh6+ Kh7 38. Bd2 Kg7 39. Bh6+ Kg8 40.
Bg5 Kg7 1/2-1/2

[Event "SR 1. liga zapad 2011/2012"]
[Site "?"]
[Date "2011.10.15"]
[Round "1.6"]
[White "Certek, Pavel"]
[Black "Bombek, Peter"]
[Result "1-0"]
[WhiteElo "2322"]
[BlackElo "2179"]
[PlyCount "131"]
[EventDate "2011.??.??"]

1. d4 e6 2. e4 d5 3. Nd2 c5 4. exd5 exd5 5. Ngf3 Nf6 6. c3 Nc6 7. Bb5 cxd4 8.
Nxd4 Bd7 9. N2f3 Bc5 10. Be3 Nxd4 11. Bxd7+ Qxd7 12. Bxd4 Bxd4 13. Nxd4 O-O 14.
O-O Rfe8 15. Qf3 Re5 16. Rad1 Qe7 17. Nf5 Qe6 18. Ne3 Re4 19. Rd2 Rd8 20. h3 g6
21. Rfd1 Kg7 22. Rd4 Rd7 23. a3 h5 24. h4 Ng4 25. Nxg4 hxg4 26. Qd3 Re1+ 27.
Rxe1 Qxe1+ 28. Qf1 Qe6 29. Qd1 f5 30. g3 b5 31. a4 a6 32. Kg2 Qc6 33. axb5 axb5
34. Qe2 Kf7 35. Qe5 Qd6 36. Qe2 Qc6 37. Kh2 Re7 38. Qd2 Re5 39. Qd3 Qe6 40. Kg2
Qc6 41. Kg1 Re4 42. Rxe4 dxe4 43. Qd4 Qc4 44. Qd7+ Kf6 45. Qd6+ Kf7 46. Qd7+
Kf6 47. Qe8 Qd3 48. Qf8+ Ke6 49. Qg7 Qd1+ 50. Kh2 Qf1 51. Qxg6+ Ke5 52. Qe8+
Kf6 53. Qd8+ Ke6 54. Qb6+ Kf7 55. b3 Qd3 56. c4 bxc4 57. Qc7+ Kg6 58. Qc6+ Kg7
59. Qxc4 Kf6 60. Qc6+ Ke5 61. b4 Qe2 62. Qc5+ Ke6 63. Qe3 Qc4 64. Qb6+ Kf7 65.
Qc5 Qe6 66. b5 1-0

[Event "SR 1. liga zapad 2011/2012"]
[Site "?"]
[Date "2011.10.15"]
[Round "1.6"]
[White "Hecko, Dusan"]
[Black "Jancovic, Peter"]
[Result "0-1"]
[WhiteElo "2123"]
[BlackElo "2149"]
[Annotator "Hecko"]
[PlyCount "102"]
[EventDate "2011.??.??"]

{A39: Symmetrical English vs ...g6: 4 Bg2 Bg7 5 Nf3 Nf6 6 0-0 0-0 7 d4} 1. c4
g6 2. Nc3 Bg7 3. Nf3 Nf6 4. g3 O-O 5. Bg2 c5 6. O-O Nc6 7. d4 cxd4 8. Nxd4 Qb6
9. Nxc6 (9. Nc2 Qc5 10. b3 d6 11. Bb2 Qh5 12. e4) 9... dxc6 $15 10. Qc2 Qc5 (
10... Be6 11. Bf4 $17) 11. b3 Qh5 12. Bd2 (12. Ba3 Re8 $11) 12... Bh3 13. f3
Rad8 14. Rad1 Qc5+ 15. Kh1 Bxg2+ 16. Kxg2 b5 17. Ne4 Nxe4 18. Qxe4 bxc4 19. Be3
Qa3 20. Qxc4 Qxa2 21. Kf2 a5 22. Rc1 Rb8 $17 23. Rb1 Rb4 24. Qxc6 Rxb3 25. Rxb3
Qxb3 26. Qe4 Rb8 27. Rc1 a4 28. Ba7 Re8 $19 29. Rb1 Qa2 (29... Bb2 $142 $5 30.
Rxb2 Qxb2 31. Qxa4 $19) 30. Be3 (30. Rb7 Bf8 31. Bc5 Rc8 $15) 30... a3 31. Qa4
Rd8 32. Rb3 $2 (32. Rd1 $5 Rc8 33. Bc5 $11) 32... Qa1 33. Rd3 $4 (33. Qa5 Rf8
34. Qxa3 Qh1 35. Qxe7 Qxh2+ 36. Kf1 Ra8 $17) 33... Rb8 (33... Rxd3 $142 34.
Qa8+ Bf8 35. exd3 a2 $19) 34. Rb3 Rc8 35. Qxa3 Qh1 $19 36. Qxe7 Qxh2+ 37. Kf1
Qxg3 (37... Bd4 $142 $1 38. Ke1 Qxg3+ 39. Kd2 Bxe3+ 40. Rxe3 Qf4 $19) 38. Rb7
$17 Qh3+ 39. Kf2 Rf8 40. Bc5 Qf5 41. Qc7 Be5 42. Qd7 Bg3+ 43. Kxg3 Qxc5 44. Kg2
Qg5+ 45. Kf1 h5 46. Rb5 Qh4 47. Rb7 Qh1+ 48. Kf2 Qh2+ 49. Kf1 h4 50. Rb4 $4 (
50. Qc7 $142 Qh3+ 51. Kf2 $17) 50... Ra8 $19 51. Qd4 Ra1+ $3 0-1

[Event "SR 1. liga zapad 2011/2012"]
[Site "?"]
[Date "2011.10.15"]
[Round "1.6"]
[White "Kovacik, Emil"]
[Black "Briestensky, Rastislav"]
[Result "1-0"]
[WhiteElo "2222"]
[BlackElo "2300"]
[PlyCount "173"]
[EventDate "2011.??.??"]

1. e4 c6 2. d4 d5 3. exd5 cxd5 4. Bd3 Nc6 5. c3 Qc7 6. Ne2 Bg4 7. f3 Bd7 8. Bf4
Qb6 9. Qb3 Qxb3 10. axb3 a6 11. b4 Na7 12. Na3 Rc8 13. O-O e6 14. Nc1 Nf6 15.
g4 Ba4 16. Re1 Kd7 17. Be2 Bd6 18. Be3 Kc7 19. Nd3 Bc6 20. Ne5 Be8 21. f4 Ne4
22. Bf3 f6 23. Nd3 h5 24. g5 Bg6 25. Nc5 Bxc5 26. bxc5 Nc6 27. Nb1 fxg5 28.
fxg5 Rhf8 29. Bxe4 Bxe4 30. Nd2 Bd3 31. Bf2 Kd7 32. Re3 Bg6 33. Rae1 Rce8 34.
Bg3 Rf5 35. h4 Rf7 36. Bd6 Bf5 37. Be5 Bg4 38. Bd6 g6 39. Rf1 Rf5 40. Rxf5 Bxf5
41. Be5 Rf8 42. Bf6 Rb8 43. b4 a5 44. b5 Na7 45. Be5 Ra8 46. c4 dxc4 47. Nxc4
Nc8 48. Bf6 a4 49. Kf2 Ra7 50. Ne5+ Ke8 51. d5 b6 52. d6 bxc5 53. d7+ Rxd7 54.
Nxd7 Kxd7 55. Re1 Nb6 56. Ra1 Bc2 57. Rc1 Bd3 58. Rxc5 Nd5 59. Be5 a3 60. Ke1
a2 61. Kd2 Bf1 62. Kc1 Nb4 63. Kd2 Nd3 64. Rc7+ Kd8 65. Rf7 Nxe5 66. Rxf1 Nf3+
67. Kc3 Nxh4 68. Kb2 Nf5 69. Kxa2 Kc7 70. Ka3 h4 71. Kb4 Kb6 72. Re1 Ng7 73.
Re4 h3 74. Rh4 Nf5 75. Rxh3 e5 76. Rh8 e4 77. Re8 e3 78. Re6+ Kc7 79. Rxg6 Nd4
80. b6+ Kb7 81. Kc3 Nf3 82. Rg7+ Kxb6 83. Kd3 Kc5 84. Kxe3 Nh4 85. Rd7 Kc6 86.
Rd1 Kc7 87. Ke4 1-0

[Event "SR 1. liga zapad 2011/2012"]
[Site "?"]
[Date "2011.10.15"]
[Round "1.6"]
[White "Orgon, Dusan"]
[Black "Kolcak, Marek"]
[Result "0-1"]
[WhiteElo "2107"]
[BlackElo "2145"]
[PlyCount "64"]
[EventDate "2011.??.??"]

1. Nf3 d5 2. d4 Nf6 3. Bf4 e6 4. e3 Be7 5. Nbd2 O-O 6. Bd3 b6 7. Qe2 a5 8. Ne5
Bb7 9. O-O c5 10. c3 Qc8 11. Rac1 Ba6 12. c4 Nc6 13. Ndf3 Nb4 14. b3 Nxd3 15.
Qxd3 Nh5 16. Nd2 Rd8 17. Rfd1 dxc4 18. Ndxc4 Nxf4 19. exf4 Rxd4 20. Qf3 Bb7 21.
Qh5 g6 22. Qg4 Qd8 23. Re1 b5 24. Nxf7 Kxf7 25. Qxe6+ Kf8 26. Ne5 Bd5 27. Qh3
Kg7 28. Ng4 h5 29. Ne5 Bf6 30. Rxc5 Bxe5 31. fxe5 Bxg2 32. f3 Bxh3 0-1

[Event "SR 1. liga zapad 2011/2012"]
[Site "?"]
[Date "2011.10.15"]
[Round "1.6"]
[White "Ruckschloss, Karol"]
[Black "Borik, Juraj"]
[Result "1/2-1/2"]
[WhiteElo "2290"]
[BlackElo "2198"]
[PlyCount "57"]
[EventDate "2011.??.??"]

1. c4 Nf6 2. d4 e6 3. Nf3 b6 4. Bg5 Bb7 5. Nc3 Bb4 6. Qb3 c5 7. a3 Bxc3+ 8.
Qxc3 h6 9. Bh4 g5 10. Bg3 Ne4 11. Qd3 Nxg3 12. hxg3 Qf6 13. Rd1 cxd4 14. Qxd4
Qxd4 15. Nxd4 a6 16. f4 gxf4 17. gxf4 Ke7 18. Kf2 d6 19. Rh4 Nd7 20. g4 Rac8
21. b3 Nf6 22. Bg2 Bxg2 23. Kxg2 d5 24. cxd5 Nxd5 25. Kf3 Nf6 26. Rd3 Rhg8 27.
Rxh6 Nxg4 28. Rh1 Rc5 29. e4 1/2-1/2